| 000 | 00753nam a2200205Ii 4500 | ||
|---|---|---|---|
| 003 | JO-AjNU | ||
| 008 | 230605s9999||||xx |||||||||||||| ||und|| | ||
| 017 | _a2013/10/4613 | ||
| 040 |
_aJO-AjNU _bara _erda _cJO-AjNU |
||
| 041 | _aara | ||
| 050 | 1 | 4 | _aDS153.3 2013 |
| 100 | 3 |
_aاعداد وجمع العبدي، علي احمد, _eauthor _948926 |
|
| 245 | 0 | 0 | _aالنقوش في البيوت الأردنية: دلالة وتاريخ- كفرنجة أنموذجا |
| 264 | 3 | 1 | _aعمان: المؤلف، 2013 |
| 300 |
_a208ص _bصور توضيحية |
||
| 336 |
_atext _btxt _2rdacontent |
||
| 337 |
_aunmediated _bn _2rdamedia |
||
| 338 |
_avolume _bnc _2rdacarrier |
||
| 650 | 4 |
_aالنقوش-الاثار-تاريخ الاردن-الاردن _948927 |
|
| 999 |
_aA21458 _c25026 _d25026 |
||